Fundamentals of human geography / (Record no. 151675)

MARC details
000 -LEADER
fixed length control field 00715nam a22001937a 4500
005 - DATE AND TIME OF LATEST TRANSACTION
control field 20180423125645.0
010 ## - LCCN (DPL NO)
LC control number B-691513-514
020 ## - INTERNATIONAL STANDARD BOOK NUMBER
Terms of availability 250.00
International Standard Book Number 9788186204306
035 ## - SYSTEM CONTROL NUMBER
System control number B-691513-514
037 ## - SOURCE OF ACQUISITION
Source of stock number/acquisition R.K.Books
082 ## - DEWEY DECIMAL CLASSIFICATION NUMBER
Classification number 304.2
100 ## - MAIN ENTRY--PERSONAL NAME
Personal name Lekh Raj Singh
245 ## - TITLE STATEMENT
Title Fundamentals of human geography /
Statement of responsibility, etc by Lekh Raj Singh
260 ## - PUBLICATION, DISTRIBUTION, ETC. (IMPRINT)
Place of publication, distribution, etc Allahabad
Name of publisher, distributor, etc Sharda Pustak Bhawan
Date of publication, distribution, etc 2017
270 ## - ADDRESS
Address University Road Allahabad
City Allahabad
Postal code 211002
300 ## - PHYSICAL DESCRIPTION
Extent 399p.
Other physical details 24cm(pbk).
942 ## - ADDED ENTRY ELEMENTS (KOHA)
Source of classification or shelving scheme Dewey Decimal Classification
Item type English Books
Classification part 304.2
Call number suffix LEK
Holdings
Withdrawn status Lost status Not for loan Collection code Home library Current library Date acquired Source of acquisition Cost, normal purchase price Full call number Barcode Copy number Cost, replacement price Koha item type
      Non-fiction Bawana Bawana 23/04/2018 R.K.Books IN4122/17-18/26.03.2018/897/23.03.2018/27.03.2018 250.00 304.2 LEK B-691514 1 250.00 English Books
      Non-fiction Narela Narela 23/04/2018 R.K.Books IN4122/17-18/26.03.2018/897/23.03.2018/27.03.2018 250.00 304.2 LEK B-691513 1 250.00 English Books

© Delhi Public Library
Hit Counter
free hit counter